000
00222 a2200097 4500
001
59820
100
_a
245
_a
Romance of the Khyber Pass
260
_a
Lahore
_b
Sang-e-meel Publications
_c
1997
090
_c
36659
_d
36659
942
_a
NUST-CAE
_c
_c
29623
999
_c
294893
_d
294893